000 00329 a2200157 4500
001 65728
020 _a9788516094768
040 _cAnchieta - Pituba
100 _aMara Regina Garcia Gay
240 1 0 _aMatemática 6
_lpor
245 1 0 _aMatemática 6
300 _a216
362 0 _a2014
650 4 _aMatemática
942 _cBK
999 _c65728
_d65728